| 000 | 00526nam a2200181 a 4500 | ||
|---|---|---|---|
| 005 | 20140317101006.0 | ||
| 008 | 140317b sz ||||| |||| 00| 0 spa d | ||
| 041 | _aspa | ||
| 044 | _asz | ||
| 090 |
_aLB _b04187 |
||
| 110 |
_bConvención sobre el Comercio Internacional de Especies Amenazadas de Fauna y Flora Silvestre _922109 |
||
| 245 | _aVisión estratégica hasta 2005 | ||
| 260 |
_aGeneve _bCITES _c200? |
||
| 300 | _a9 p. | ||
| 505 | _aVol. 2:Programa de Actualización | ||
| 942 |
_cImpreso _2z |
||
| 945 | _d2005-07-19 | ||
| 999 |
_c4690 _d4690 |
||